Normal view
MARC view
- RADIO-MATHEMATICAL MODEL RADIO-COMPUTER SIMULATION TELECOMMUNICATION-COMPUTER SIMULATION RADAR-COMPUTER SIMULATION RADAR-MATHEMATICS
Entry Topical Term
001 - CONTROL NUMBER
- control field: 58127
003 - CONTROL NUMBER IDENTIFIER
- control field: NUST
005 - DATE AND TIME OF LATEST TRANSACTION
- control field: 20210628202049.0
008 - FIXED-LENGTH DATA ELEMENTS
- fixed length control field: 210628|| aca||aabn | a|a d
040 ## - CATALOGING SOURCE
- Original cataloging agency: NUST
- Transcribing agency: NUST
150 ## - HEADING--TOPICAL TERM
- Topical term or geographic name entry element: RADIO-MATHEMATICAL MODEL RADIO-COMPUTER SIMULATION TELECOMMUNICATION-COMPUTER SIMULATION RADAR-COMPUTER SIMULATION RADAR-MATHEMATICS
670 ## - SOURCE DATA FOUND
- Source citation: Work cat.: (NUST): Leonov, Alexander I Leonov, Sergey A 58126, Handbook of computer simulation in radio engieering, communications, and radar, 2001
